LEADER 01120nam2-2200397---450- 001 990003448580203316 005 20101001145634.0 010 $a978-88-348-8801-8 035 $a000344858 035 $aUSA01000344858 035 $a(ALEPH)000344858USA01 035 $a000344858 100 $a20101001d2010----km-y0itay50------ba 101 $aita 102 $aIT 105 $a||||||||001yy 200 1 $a<<2:>> Studi$fa cura di Enrico Mezzetti$gintroduzione di Mauro Catenacci$gcon saggi di Stefano Mancini... [et al.] 205 $a2. ed. 210 $aTorino$cGiappichelli$d2010 215 $aXX, 472 p.$d24 cm 410 0$12001 454 1$12001 461 1$1001000344855$12001 606 0 $aDiritto internazionale penale 676 $a341.77 702 1$aMEZZETTI,$bEnrico 702 1$aCATENACCI,$bMauro 702 1$aMANCINI,$bStefano 801 0$aIT$bsalbc$gISBD 912 $a990003448580203316 951 $aXXIII.1.L. 459 2$b68103 G.$cXXIII.1.L. 459$d00282862 959 $aBK 969 $aGIU 979 $aFIORELLA$b90$c20101001$lUSA01$h1456 996 $aStudi$961691 997 $aUNISA LEADER 01432nam0-2200457---450- 001 990000630830203316 005 20090907130138.0 010 $a88-203-2690-6 035 $a0063083 035 $aUSA010063083 035 $a(ALEPH)000063083USA01 035 $a0063083 100 $a20010914d2000----km-y0itay0103----ba 101 $aita 102 $aIT 105 $a||||||||001yy 200 1 $a<> quattro codici$ecivile e di procedura civile penale e di procedura penale$econ le disposizioni di attuazione e transitorie...$fL. Franchi, V. Feroci, S. Ferrari 210 $aMilano$cU. Hoepli$dcopyr. 2000 215 $aCXIV, 131 p.$d22 cm 225 2 $aCodici e leggi d'Italia 410 0$12001$aCodici e leggi d'Italia 606 0 $aCodice civile 606 0 $aCodice di procedura civile 606 0 $aCodice penale 606 0 $aCodice di procedura penale 676 $a348.45023 702 1$aFRANCHI,$bL. 702 1$aFEROCI,$bV. 702 1$aFERRARI,$bSanto 710 02$aITALIA$0423419 801 0$aIT$bsalbc$gISBD 912 $a990000630830203316 951 $aXXI.2. 14 (CODEX 897)$b30772 G.$cXXI.2. 14 (CODEX)$d00076683 959 $aBK 969 $aGIU 979 $aALESSANDRA$b40$c20010914$lUSA01$h1242 979 $c20020403$lUSA01$h1712 979 $aPATRY$b90$c20040406$lUSA01$h1644 979 $aRSIAV5$b90$c20090907$lUSA01$h1301 996 $aQuattro codici$9699812 997 $aUNISA